Statistics for Real Madrid CF Squad 2019-2020

Click here to take the quiz!

General Stats

  • This quiz has been taken 63 times
  • The average score is 24 of 28

Answer Stats

#PositionNationPlayer% Correct
-CoachFranceZinédine Zidane
98%
2DFSpainDaniel Carvajal
95%
7FWBelgiumEden Hazard
95%
11FWWalesGareth Bale
95%
9FWFranceKarim Benzema
95%
10MFCroatiaLuka Modrić
95%
5DFFranceRaphaël Varane
95%
13GKBelgiumThibaut Courtois
95%
8MFGermanyToni Kroos
95%
6DFSpainNacho Fernández
93%
4DFSpainSergio Ramos
93%
14MFBrazilCasemiro
91%
27FWBrazilRodrygo Goes
91%
3DFBrazilÉder Militão
89%
15MFUruguayFederico Valverde
89%
12DFBrazilMarcelo
89%
25FWBrazilVinícius Júnior
89%
23DFFranceFerland Mendy
84%
18FWSerbiaLuka Jović
84%
17FWSpainLucas Vázquez
82%
20FWSpainMarco Asensio
82%
24FWDominican RepublicMariano Díaz
82%
16MFColombiaJames Rodríguez
80%
1GKFranceAlphonse Areola
75%
22MFSpainIsco
75%
19DFSpainÁlvaro Odriozola
57%
21FWMoroccoBrahim Díaz
50%
30MFBrazilReinier Jesus
34%

Score Distribution

Percentile by Number Answered

Percent of People with Each Score

Your Score History

You have not taken this quiz